| 000 | 00672nam a22002177a 4500 | ||
|---|---|---|---|
| 005 | 20170124110008.0 | ||
| 010 | _aA-763870 | ||
| 020 | _c00.00 | ||
| 035 | _aA-763870 | ||
| 037 | _bCen Lib/Ret | ||
| 040 |
_aDPL _bEN |
||
| 082 |
_a343.071 _bNAT |
||
| 245 |
_aNational commission and supreme court on consumer cases 1986-1995 / _cedited by swan bhatia Nijhawan |
||
| 260 |
_aDelhi _bInternational law book company _c1995 |
||
| 270 |
_bDelhi _a1562, Chrch road , kashmiri gate |
||
| 300 |
_a1568p. _c21cm(Hb) |
||
| 650 |
_aLaw _9104 |
||
| 650 |
_aSupreme court _915396 |
||
| 700 |
_98440 _aNijhawan, Awarn Bhatia |
||
| 942 |
_2ddc _cEN _h343.071 _mNAT |
||
| 999 |
_c126318 _d126318 |
||